Narrativa audiovisual publicitaria /

Saved in:
Bibliographic Details
Main Author: Moreno, Isidro (autor)
Format: Book
Language:Español
Published: Barcelona, España : Paidós, 1993, c1993
Edition:2a edición
Series:(Papeles de Comunicación ; 40)
Subjects:
Tags: Add Tag
No Tags, Be the first to tag this record!

MARC

LEADER 00000nam^a2200000^a^4500
001 000166837
005 20250521000000.0
009 20260310101106.649
020 |a 84-493-1441-0 
037 |a Acervo ITESO - Biblioteca 
041 |a ESP 
082 |a 659. 14  |b MOR 
100 |a Moreno, Isidro  |e (autor) 
245 1 0 |a Narrativa audiovisual publicitaria /  |c I. Moreno. 
250 |a 2a edición 
264 4 |a Barcelona, España :  |b Paidós,  |c 1993, c1993 
300 |a 215 p. 
336 |a texto  |b txt  |2 rdacontenido 
337 |a sin mediación  |b n  |2 rdamedio 
338 |a volumen  |b nc  |2 rdasoporte 
440 1 |a (Papeles de Comunicación ;  |v 40) 
649 |a XX 
650 |a Ficción (Narrativa) 
650 |a Estructura (Lenguaje Televisivo) 
650 |a Lenguaje Televisivo 
650 |a Discurso 
650 |a Publicidad en Televisión 
650 |a Publicidad en Radio 
650 |a Publicidad en Internet 
650 |a Comunicación Organizacional 
650 |a Semiótica y Literatura 
650 |a Medios Audiovisuales 
650 |a Medios de Comunicación 
650 |a Televisión 
650 |a Radio 
650 |a Internet 
650 |a Mercadotecnia 
650 |a Comunicación 
650 |a Ciencias Administrativas 
910 |a Fondo General 
920 |a Impresos - Libros 
930 |a Colección General 
905 |a 101 
901 |a 0500102269  |b IT1  |c ACC  |u 20250521 
902 |a https://opac.biblio.iteso.mx/vufind/Record/000166837